Digital signal processing (Record no. 182839)

000 -LEADER
fixed length control field 00370nam a2200133Ia 4500
008 - FIXED-LENGTH DATA ELEMENTS--GENERAL INFORMATION
fixed length control field 220217s9999||||xx |||||||||||||| ||und||
020 ## - INTERNATIONAL STANDARD BOOK NUMBER
International Standard Book Number 9788131215197
082 ## - DEWEY DECIMAL CLASSIFICATION NUMBER
Classification number 621.3822 TAN
100 ## - MAIN ENTRY--PERSONAL NAME
Personal name Tan, Li
245 #0 - TITLE STATEMENT
Title Digital signal processing
260 ## - PUBLICATION, DISTRIBUTION, ETC.
Place of publication, distribution, etc. Elsevier Academic press
Name of publisher, distributor, etc. New Delhi
Date of publication, distribution, etc. 2011
300 ## - PHYSICAL DESCRIPTION
Extent XVI, 816p.
Other physical details 465
650 ## - SUBJECT ADDED ENTRY--TOPICAL TERM
Topical term or geographic name entry element SIGNAL PROCESSING
9 (RLIN) 719
Holdings
Withdrawn status Lost status Damaged status Not for loan Collection code Home library Current library Date acquired Total Checkouts Full call number Barcode Date due Date last seen Date last checked out Price effective from Koha item type
        Electronics and Communication Engineering Central Library Central Library 02/18/2022 1 621.3822 TAN 18028 06/23/2024 06/24/2023 06/24/2023 02/18/2022 Books

Powered by Koha